000 00588nam a2200229Ia 4500
008 180523s9999 xx 000 0 und d
020 _a193253170X
050 _aMAIN HD 30.28
050 _b.B36 2005
100 _aBangs, David H. Jr.
245 0 _aBusiness plans made easy /
245 0 _cDavid H. Bangs Jr.
250 _a3rd Edition
260 _aCanada :
260 _bEntrepreneur Media Inc.,
260 _c2005
300 _a361 pages :
300 _c24 cm.
440 _aEntrepreneur made easy series.
500 _aIncludes index.
650 _aBusiness planning.
999 _c356811
_d356811